000 00984nam a22003137a 4500
003 OSt
005 20260522083650.0
007 ta
008 260522s2025 ag ||||| |||| 00| 0 spa d
020 _a9786316622358
040 _ccj catamarca
082 _a347.232.4 P348 II 2025
100 1 0 _9333
_aPaz, Roberto
245 1 0 _aPrescripcion adquisitiva:
_bde la realizacion de Velez Sarsfield a la actualidad del Codigo Civil y Comercial de la Nacion II
250 _a3º ed.
260 _aTucuman:
_bBibliotex,
_c2025
300 _aV.2, 640 p.
_c24 cm
500 _aINVENTARIO Nº 8179
650 7 _2SAIJ
653 _aDERECHO CIVIL
653 _aCCyC
653 _aPRESCRIPCION ADQUISITIVA
653 _aJURISPRUDENCIA-TUCUMAN
653 _aJURISPRUDENCIA-NACIONAL
653 _aREIVINDICACION
653 _aUSUCAPION-DEFENSOR DE AUSENTE-LEY 20.094
856 _uhttps://drive.google.com/file/d/1Q5pmmPqbgfYgaZxHqg_rjb5-b6-yCfHq/view?usp=sharing
942 _2ddc
_cBK
_n0
999 _c6548
_d6548